000 00579nam a22001937a 4500
005 20260317153040.0
010 _aENG-147891
020 _a9780415617604
_c895.00
035 _aEN-131423
037 _bDBAD
082 _a363.7288.15
_21
100 _aPatel, Sujata
_988560
245 _aUrban Navigations/
_cSujata Patel
_hEnglish
250 _a1
260 _aNew Delhi
_bRoutledge
_c2011
270 _a912 Tolstoy House, 15-17 Tolstoy Marg, Connaught Place,
_bNew Delhi
_e110001
300 _a347p.
_c23cm(pb)
942 _2ddc
_cEN
_h363.7288.15
_mPAT
_e1
999 _c215588
_d215588